000 00293nam a22001217a 4500
082 _a346.42086IVA.
100 _aIvamy, E.R.H.
245 _aMarine Insurance.
260 _aLondon.
_bButterworths.
_c1969.
300 _aliv, 586p.
_b24cm.
500 _aIncludes appendix and index.
942 _cBK
999 _c14268
_d14268